[Event "FIDE-Wch k.o."]
[Site "New Delhi/Teheran"]
[Date "2000.12.07"]
[Round "4.2"]
[White "Grischuk, Alexander"]
[Black "Ehlvest, Jaan"]
[Result "1/2-1/2"]
[WhiteElo "2606"]
[BlackElo "2627"]
[Annotator "Lukacs,P"]
[PlyCount "68"]
[EventDate "2000.11.27"]
[EventType "k.o."]
[EventRounds "7"]
[EventCountry "IND"]
[SourceTitle "CBM 081"]
[Source "ChessBase"]
[SourceDate "2001.03.20"]
[SourceVersion "1"]
[SourceVersionDate "2001.03.20"]
[SourceQuality "1"]

1. e4 c6 2. d4 d5 3. e5 Bf5 4. Nc3 e6 5. g4 Bg6 6. Nge2 c5 7. h4 h5 8. Nf4 Nc6
9. Nxg6 fxg6 10. Ne2 cxd4 $6 {In this sharp theoretical position Black has
many choices, but the text is not among the bests.} (10... Qb6 $5 11. Nf4 {
White's main targets are >< e6 and g6, and he is willing to give almost
everything for that.} cxd4 12. Bd3 (12. Nxg6 {- Morozevich-Bareev, Bosna Super
Sarajevo 2000 CBM 77}) 12... Nxe5 13. Nxg6 (13. Bxg6+ Nxg6 14. Nxg6 Bb4+ 15.
Kf1 Rh7 16. Nf4 Nf6 17. g5 Ne4 18. Kg2 $14) 13... Nxg6 (13... Bb4+ $5 14. Kf1
Nxg6 15. Bxg6+ Kd8 16. Bxh5 e5 {with good counterchances in the [+].}) 14.
Bxg6+ Kd7 15. gxh5 Ne7 16. Bd3 (16. Bf7 Nf5 17. O-O {The K is rather
vulnerable on the >>.} Bb4 18. Bg5 Raf8 19. Bg6 Be7 20. Qg4 Bxg5 21. hxg5 Qd6
22. Rae1 Ne7 23. f4 Nxg6 24. hxg6 Rf5 $15 {Shirov-Khenkin, Bundesliga 1999})
16... Nc6 17. Rg1 Qd8 18. Bg5 Be7 19. Qe2 Bxg5 20. hxg5 Qc7 21. O-O-O {This is
the real place for the K.} Raf8 22. Rg2 Qf4+ 23. Kb1 e5 $13 {with again good
counterchances in the [+], Leitao-Khenkin, New York op 2000.}) (10... hxg4 $5
11. Nf4 $1 Nxd4 $1 (11... Nh6 12. Nxg6 Rg8 (12... Nxd4 $2 {is simply not
correct.} 13. Nxh8 Nf3+ 14. Qxf3 $1 {This is the refutation!} gxf3 15. Bb5+ Qd7
16. Bxd7+ Kxd7 17. Bxh6 gxh6 18. Ng6 h5 19. Rh3 Bh6 20. Rxf3 $18 {
Nunn-Seirawan, Amber rapid 1994}) 13. dxc5 Bxc5 14. Bxh6 gxh6 15. Qxg4 $36 {
/\ 0-0-0}) 12. Qxg4 $1 (12. Nxg6 Qa5+ 13. Bd2 Qb6 14. Nxh8 Nf3+ 15. Ke2 Qb5+
16. Ke3 Qxb2 $132 {and the white K in the [+] is rather vulnerable.}) 12... g5
(12... Ne7 13. Bd3 c4 14. Bxg6+ $16) 13. Ng6 Qb6 (13... Nh6 $2 {is again
losing due to} 14. Bb5+ Kf7 15. Nxh8+ Kg8 16. Qd1 $18) 14. Bd3 c4 15. Be3 cxd3
16. Bxd4 Qb4+ 17. Kf1 Rh6 18. Nxf8 Qxf8 19. cxd3 Qf5 $13) (10... Nge7 {
Timman-Karpov, FIDE-Wch NED 1993 CBM 36}) 11. Nxd4 Kd7 $1 $146 {[%mdl 8] The K
is temporarily safe in the [+].} (11... Nxd4 12. Qxd4 Ne7 (12... Qd7 13. Bd3 {
>< g6} Ne7 14. Bg5 hxg4 15. O-O-O Nf5 16. Qxg4 Be7 17. Bxe7 Nxe7 18. Bxg6+ Nxg6
19. Qxg6+ Qf7 20. Rdg1 O-O 21. h5 $18 {Mannion-Cambell, SCO-ch Largs 1998}) (
12... Qa5+ 13. Bd2 Bc5 14. Qf4 Qb6 15. Qa4+ Kf7 16. Qf4+ Ke8 17. b4 (17. Bd3 $6
{is riskier:} Qxb2 18. Ke2 Ne7 $13 {Sobjerg-Stromberg, Aarhus op 1994}) 17...
Be7 18. Bd3 $16 {and >< g6 is again weak.}) 13. Bd3 $1 {Other alternatives are
inferior:} (13. Bb5+ Nc6 14. Qd3 Kf7 $13) (13. Bg5 Nc6 14. Qa4 Be7 15. Bb5 Bxg5
16. Bxc6+ bxc6 17. Qxc6+ Kf7 18. hxg5 Rc8 $15 {Mannion-Richardson, Edinburgh
1996}) 13... Qc7 14. Bg5 hxg4 15. O-O-O $16) 12. Bh3 {Now >< e6 is the target.}
(12. Nxc6 bxc6 {helps only for Black.} 13. Bd3 Ne7 (13... hxg4 14. Qxg4) 14.
Bd2 Qc7 $13) 12... Qb6 (12... Nxd4 13. Qxd4 Qxh4 14. Qa4+ Kc7 (14... Kd8 15.
Bg2 Qe7 16. Bd2 $44 {and White has the lead of development and the ^^.}) 15.
Bg2 Qe7 16. Bd2 $44) 13. c3 (13. Nxe6 $6 {is unfortunately not correct.} Qb4+
$1 (13... Kxe6 $6 {allows White to realize his concept.} 14. gxh5+ Kxe5 (14...
Ke7 15. Qxd5 $16) 15. Qe2+ Kd6 16. Qe6+ Kc5 17. Be3+ d4 18. O-O-O Rd8 $1 (18...
Rxh5 19. Bf1 $1 Qa5 (19... Qd8 20. b4+ $1 $18) 20. Rxd4 $1 $18) 19. c3 $1 (19.
Bf1 Qa5) 19... Kb5 (19... Qc7 20. Bf1) (19... dxe3 20. b4+) 20. cxd4 $44 {
and the K on b5 looks tragicomical.}) 14. Kf1 Kxe6 15. gxh5+ Kxe5 $1 {Black's
K is fighting bravely, as it was suggested by Steinitz.} 16. Qf3 Qc4+ ({or} 
16... Kd6 17. Bf4+ Kc5) 17. Kg2 Kd6 18. Bf4+ Kc5 $17) (13. Nxc6 bxc6 14. c3 Bc5
15. Qe2 Rf8 16. f4 Nh6 $1 17. gxh5 gxh5 18. b4 (18. Qxh5 $2 Bf2+ 19. Kd1 Nf5)
18... Be7 19. Be3 Qd8 20. Qxh5 Nf5 21. Qf3 Nxe3 22. Qxe3 Bxh4+ 23. Ke2 Qb6 $11
{^-}) 13... Nxd4 (13... Bc5 $5 {provokes White to sacrifice on e6 again.} 14.
Nxe6 $5 Kxe6 (14... Bxf2+ $2 {works only for White.} 15. Kf1 Kxe6 16. gxh5+ Ke7
(16... Kxe5 $2 17. Qe2+ $18) 17. Qxd5 $18) 15. gxh5+ (15. O-O Nxe5 16. g5+ Ng4
17. Re1+ Kf7 18. Qxd5+ Kf8 $17 {and White's -> is beatened back.}) (15. g5+ Ke7
16. Qxd5 Rd8 17. Qe6+ Kf8 $17 {parrying the mating threats.}) 15... Ke7 $1 (
15... Kxe5 16. Qe2+ $18) 16. Qxd5 Rxh5 (16... Bxf2+ {- 14...Bf2}) 17. Qe6+ (17.
Bg5+ Rxg5 18. hxg5 Rd8 19. Qe6+ Kf8 20. Qxg6 Bxf2+ 21. Kf1 Qb5+ $1 (21... Nge7
22. Qe4) 22. Kg2 Rd2 23. Qf5+ Nf6 $17) 17... Kf8 {and it is not easy for White
to continue the ->.}) 14. cxd4 (14. Qxd4 Qxd4 (14... Bc5 $5 15. Qa4+ Kc7 $13)
15. cxd4 hxg4 16. Bxg4 Nh6 $11) 14... hxg4 15. Qxg4 (15. Bxg4 Ne7) 15... Ne7
16. O-O Nf5 17. Qxg6 Nxh4 (17... Nxd4 $2 {runs into the pin:} 18. Be3 $1 (18.
Qf7+ Be7 19. Bg5 Rae8 20. Kh1 Rhf8 21. Qxg7 Nf5 22. Bxf5 Rxf5 $13) 18... Nf3+ (
18... Rxh4 19. Bg4 Re8 20. Rfd1 Bc5 21. Rac1 $16) 19. Kh1 Nxe5 (19... Rxh4 $2
20. Qf7+ $18) 20. Qg3 Qc6 (20... Qd6 21. Bf4) 21. Qxe5 Rxh4 22. Rac1 Rxh3+ 23.
Kg2 Rxe3 24. fxe3 Qd6 25. Rf7+ $16) 18. Qf7+ Be7 19. Bg5 Rae8 20. Rac1 Rhf8 {
[#]} 21. Bxe6+ $1 {White wins the Q, but Black gets sufficient compensation
for it.} Qxe6 22. Rc7+ Kxc7 23. Qxe6 Bxg5 $5 (23... Nf3+ 24. Kg2 Bxg5 (24...
Nxg5 $2 25. Rc1+ Kb8 26. Qd7 $18) 25. Qd6+ (25. Qxd5 Rd8) 25... Kc8 26. e6 $1 {
- 23...Bg5} (26. Qxd5 Rd8 27. Qc5+ Kb8 $17)) 24. Qd6+ Kc8 25. e6 $1 Nf3+ (25...
Bf4 $5 26. Qxd5 (26. Qd7+ Kb8 $17) 26... Kb8 27. Qd7 Ng6 28. Re1 (28. d5 $2 Rd8
) 28... Re7 29. Qd5 Rh8 $13 {leads to immense complications.}) 26. Kg2 Nxd4 27.
f4 (27. Re1 Nf5 28. Qxd5 Nh4+ 29. Kg3 Be7 30. Qe5 Nf5+ (30... Bd6 $4 31. Rc1+)
31. Kg2 Bd6 $17) 27... Be7 28. Rc1+ Nc6 29. Rxc6+ $1 {White can hold the draw
by perpetual.} bxc6 30. Qxc6+ Kb8 31. Qb5+ Kc7 32. Qa5+ Kb8 (32... Kd6 33. Qa6+
$11) 33. Qb5+ Kc7 34. Qa5+ Kb8 1/2-1/2

[Event "FIDE-Wch k.o."]
[Site "New Delhi/Teheran"]
[Date "2000.12.13"]
[Round "6.2"]
[White "Grischuk, Alexander"]
[Black "Shirov, Alexei"]
[Result "1-0"]
[WhiteElo "2606"]
[BlackElo "2746"]
[Annotator "McShane,L"]
[PlyCount "57"]
[EventDate "2000.11.27"]
[EventType "k.o."]
[EventRounds "7"]
[EventCountry "IND"]
[SourceTitle "CBM 081"]
[Source "ChessBase"]
[SourceDate "2001.03.20"]
[SourceVersion "1"]
[SourceVersionDate "2001.03.20"]
[SourceQuality "1"]

1. e4 c5 2. Nf3 d6 3. d4 cxd4 4. Nxd4 Nf6 5. Nc3 a6 6. f3 Qb6 {An interesting
move designed to confuse, as the c1-bishop wants to guard the g1-a7 diagonal
as well as b2.} 7. Nb3 Nc6 8. Qe2 e6 9. Be3 Qc7 10. g4 b5 11. O-O-O Bb7 12. h4
Rc8 13. Kb1 Nd7 14. Rg1 Nce5 15. Qf2 b4 16. Na4 Nxf3 $5 17. Qxf3 Qc6 (17...
Qxc2+ 18. Ka1 Qc6 19. Na5 {and the bishop is attacked.}) 18. Nac5 $1 Nxc5 $6 (
18... dxc5 19. Na5 Qc7 20. Nxb7 Qxb7 21. g5 {promises compensation of a
similar sort to that in the game. However, I prefer Black's chances here
because a knight on e5 would be a valuable defensive resource.}) 19. Bxc5 dxc5
20. Na5 Qc7 (20... Qxe4 21. Qf2 {and the threat of Bg2 is problematic as Black
lags in development.}) 21. Nxb7 Qxb7 22. Bc4 {The black queenside counterplay
has been stopped and White's pawns promise to roll forward onto the unprepared
kingside. The open f-file could be of benefit as well. In middlegame positions
with opposite coloured bishops, the most important factor is often who has the
initiative, and there is no doubt here.} Be7 23. Qe2 Qc6 24. g5 (24. Bxa6 Rb8 {
just gives Black an open a-file.}) 24... O-O (24... g6 {is also possible, but
it is harder to castle as h4-h5 will have much greater force.}) 25. h5 Rcd8 26.
g6 $1 {Undermining the light squares.} Rxd1+ 27. Rxd1 fxg6 28. hxg6 Rf4 $4 {
A blunder in a difficult position. The alternatives still leave White with
very good chances, e.g.} (28... hxg6 29. Qg4 Rf6 30. e5 Rf5 31. Qxg6 Rxe5 32.
Rg1 Bg5 (32... Bf8 33. Rf1 Qd7 34. Bd3 {wins}) (32... Bf6 33. Qxf6 $3 Re1+ 34.
Rxe1 gxf6 35. Rxe6 {and the queen will be lost by discovered check}) 33. a3
bxa3 34. bxa3 (34. Rxg5 a2+ 35. Kxa2 (35. Bxa2 Re1#) 35... Qa4+ 36. Kb1 Re1#) (
34. b3 Qd7 35. Rxg5 Re1+ 36. Ka2 Ra1+ $3 37. Kxa1 Qd4+ 38. Ka2 Qb2#) 34... Qb7+
35. Ka2 Qe7 36. Rb1 Qd7 37. Rb8+ Bd8 38. Qd3 Rd5 39. Bxd5 exd5 40. Qxa6 {
with a decisive advantage.}) 29. Qh2 $1 (29. Qh2 Rh4 30. Qb8+ Bf8 31. Rf1) 1-0

[Event "Linares 18th"]
[Site "Linares"]
[Date "2001.02.25"]
[Round "3"]
[White "Grischuk, Alexander"]
[Black "Leko, Peter"]
[Result "1/2-1/2"]
[WhiteElo "2663"]
[BlackElo "2745"]
[Annotator "Lukacs,P"]
[PlyCount "46"]
[EventDate "2001.02.23"]
[EventType "tourn"]
[EventRounds "10"]
[EventCountry "ESP"]
[EventCategory "19"]
[SourceTitle "CBM 082"]
[Source "ChessBase"]
[SourceDate "2001.05.17"]
[SourceVersion "1"]
[SourceVersionDate "2001.05.17"]
[SourceQuality "1"]

1. e4 c6 2. d4 d5 3. e5 Bf5 4. c3 e6 5. Be3 Qb6 6. Qb3 {This is the quiet
positional setup, where White wants to keep his space advantage and that's it.}
Nd7 7. Nd2 f6 8. f4 (8. Ngf3 {gives up the stronghold on e5.} Ne7 9. exf6 gxf6
10. Nh4 O-O-O (10... Be4 $2 11. Nxe4 dxe4 12. Qxe6 Qxb2 {This was not a
favourable exchange of pawns for Black.} 13. Rc1 O-O-O 14. Bc4 Kb8 15. O-O {
Black's position is falling apart.} Nb6 16. Qxf6 $16 {Votava-Szczechowicz, KB
Czech open 2000})) 8... g5 $5 {Black wants to blow up White's P chain at any
cost.} (8... Ne7 {is a quiet alternative.} 9. Ngf3 fxe5 (9... Ng6 10. Be2 Be7
11. O-O h5 12. Qxb6 axb6 13. a4 (13. Ne1 $5 {playing on the >> was a serious
alternative.}) 13... Kf7 14. b3 Nb8 15. Rfc1 Na6 16. b4 {This weakens >< a4.}
Nc7 17. Nb3 Ra7 $11 {Morris-Ostenstad, Troll Masters 1992}) (9... Rc8 {- 8...
Rc8}) 10. fxe5 {Solving the tension helps usually for White.} h6 11. Be2 g5 12.
h4 g4 13. Nh2 h5 14. Nhf1 Bg6 15. Ng3 {Now White can exploit the weaknesses on
the >> especially >< h5.} Bg7 16. Qxb6 axb6 17. Nb3 c5 18. Bb5 Nc6 19. Ne2 c4
20. Nd2 Na7 21. Nf4 Bf5 22. Bxd7+ Kxd7 23. Nf1 Nc6 24. Ng3 $18 {Komliakov-Maly,
Cup Rectora Kharkov UKR 2000}) (8... Nh6 9. h3 Bg6 10. g4 {maintaining White's
space advantage on the >>.} fxe5 11. fxe5 Be7 12. Ngf3 Nf7 13. Be2 h6 14. h4
O-O-O 15. O-O-O c5 16. Rdf1 Rhf8 17. h5 Bh7 18. dxc5 Bxc5 19. Qxb6 Bxb6 20.
Bxb6 (20. Bd4 Bxd4 21. cxd4 (21. Nxd4 Rde8) 21... Kb8 $11 {Rausis-Bacquerelle,
Bethune op 1992}) 20... Nxb6 21. Nd4 {The N is excellent here.} Rde8 22. Bb5 (
22. N2f3 a6) 22... Nxe5 {Otherwise White is clearly better.} 23. Bxe8 Rxe8 (
23... Nd3+ 24. Kc2 Rxe8 25. Nb5 $14) 24. b3 (24. Nb5 Kd7) 24... Kd7 25. a4 $14)
(8... h5 9. Ngf3 Nh6 10. h3 Be7 11. Be2 fxe5 12. fxe5 Nf7 13. O-O g5 14. Nh2
Bg6 15. g4 {fixing the weaknesses.} h4 {Now the target is >< g5.} 16. Nhf3 O-O
17. c4 Rfc8 18. c5 {White's space advantage is enormous on both flanks, but a
breakthrough has to be found.} Qxb3 19. axb3 a6 20. b4 Rab8 21. Ra3 {White
wants to destroy Black's <<.} Kg7 22. Rfa1 Rc7 23. Nb3 {/\ Na5} Nf8 24. Na5 Nh7
25. Bd2 {The last preparation.} Nd8 26. Nxb7 $1 $16 {realizing the
breakthrough, Grigorov-Skalkotas, Nikea op 1985.}) (8... Rc8 {doesn't seem to
be very important for the moment.} 9. Ngf3 Ne7 10. Be2 Bg6 11. O-O Qxb3 12.
axb3 a6 13. b4 fxe5 14. fxe5 Nf5 15. Bf4 Be7 16. g4 Nh4 17. Ng5 Nf8 18. Nb3 h6
19. Nh3 Nd7 20. Bg3 Bf7 21. Bd3 Bg6 22. Be2 Bf7 23. Na5 {The N is again
effective here.} Rc7 24. Nf4 Nf8 25. Nd3 Nd7 26. Nc5 $14 {and both knights are
well-posted, Sulskis-Petrauskas, LTU-ch Vilnus 2000.}) 9. Ngf3 (9. exf6 g4 $1 {
not allowing Nf3 and keeping control over the vital blockade on f5.} (9... gxf4
10. f7+ $5 (10. Bxf4 Ngxf6 11. Ngf3 Bg7 {- 9.Ngf3}) 10... Kxf7 11. Bxf4 Qxb3
12. Nxb3 ({or} 12. axb3 Ngf6 13. Ngf3 $14 {blockading >< e5, and the backward
P remains a weakness.}) 12... Ngf6 13. Nf3 $14 {>< e5}) (9... Ngxf6 $5 10. Qxb6
(10. fxg5 Ng4 $44) 10... axb6 11. fxg5 Ng4 12. Bf4 e5 {Black gets a very
active piece play for the P, his pieces are getting out of passivity as the
ghost from the bottle.} 13. dxe5 (13. h3 exf4 14. hxg4 Bxg4 15. Rh4 Bf5 16.
Rxf4 Bg6 $44) 13... Ngxe5 14. Ngf3 Bg7 15. Nxe5 Nxe5 16. Bxe5 Bxe5 17. Nf3 Bd6
$44 {with an active ^^ for the P in an opened position.}) 10. f7+ (10. Qxb6
Nxb6 11. f7+ Kxf7 12. O-O-O Nf6) 10... Kxf7 11. Ne2 Bg7 12. Ng3 h5 $13) 9...
gxf4 (9... g4 10. Nh4 $14) 10. Bxf4 Bh6 $5 $146 (10... Bg7 11. exf6 (11. Be2
fxe5 (11... O-O-O 12. exf6 Ngxf6 13. Ne5 $14) 12. Nxe5 Nxe5 13. Bxe5 Bxe5 14.
dxe5 Nh6 $13 {and >< e5 may become a target.}) 11... Ngxf6 (11... Bxf6 $5 12.
Be2 Ne7 {Morozevich}) 12. Be2 (12. Nh4 O-O (12... O-O-O) 13. Nxf5 exf5 14. Qxb6
Rae8+ 15. Kd1 axb6 16. Bd3 {White has a strong ^^, and Black's P structure is
shattered. Black has to play very actively to compensate this.} Ne4 (16... Nh5
17. Rf1 Re6 18. Kc2 c5 {(Antoniewski-Skalik, chT-Pol Zakopane 2000)} 19. Bg5 $1
cxd4 (19... Rg6 20. Be7 Rf7 21. Rae1 Rxg2 22. Bxf5 Bh6 23. Be6 $1 Rxd2+ 24. Kb1
$16) 20. Bxf5 Re5 21. Bxd7 Rxg5 22. Be6+ Kh8 23. Rxf8+ Bxf8 24. Rf1 Bh6 25. g3
Re5 26. Bg4 dxc3 27. bxc3 Bxd2 28. Kxd2 $14 {with a somewhat better _|_ for
|_hite.}) 17. Rf1 $14) 12... O-O 13. Bd6 $1 {This is the improvement!} (13. O-O
{(Morozevich-Stohl, Istanbul ol (Men) 2000 CBM EXT 2001)} Ne4 $1 {Now the
black pieces are active again.} 14. Nxe4 (14. Nh4 Nxd2 15. Qxb6 (15. Bxd2 Bxd4+
$1) 15... Nxb6 16. Bxd2 Be4 $11) 14... Bxe4 15. Ng5 (15. Bd6 Rf5) 15... e5 $1
16. Nxe4 Qxb3 17. axb3 dxe4 18. Bc4+ (18. dxe5 Nxe5) 18... Kh8 19. dxe5 Nxe5
$11 {and the activity compensates the ^^.}) 13... Rfd8 (13... Qxb3 14. axb3
Rfc8 15. Ne5 Nxe5 16. Bxe5 $14) 14. O-O $14) 11. Bxh6 (11. Bg3 $5 fxe5 (11...
O-O-O $5 12. Be2) 12. Nxe5 Bxd2+ $5 (12... Ngf6 13. Ndf3 Nxe5 14. Bxe5 O-O 15.
h3 Nd7 $13 {Sedlak-Ostojic, Ivan Znic mem Stara Pazova 2001}) 13. Kxd2 Qxb3 14.
axb3 Ngf6 $11 {finishing development with level chances.}) 11... Nxh6 12. exf6
(12. Qxb6 {immediately is worthy of consideration, for example:} axb6 13. exf6
Nxf6 14. h3 (14. Ne5 Nhg4 $11) 14... Nf7 15. Be2 $14 {with a somewhat better P
structure for White.}) 12... Nxf6 13. Be2 (13. h3 $5) (13. Qxb6 axb6 {- 12.Qxb6
}) 13... Rg8 14. Qxb6 axb6 15. O-O Ne4 (15... Nhg4 16. Nh4 Ne4 17. Nxe4 Bxe4
18. Bf3 {still keeps some microscopical advantage.}) 16. Nxe4 Bxe4 17. Ne1 (17.
g3 Nf7 18. Nd2 Bf5 19. a3 {and Black cannot get rid of his backward P in the
near future.}) 17... Nf5 18. Bf3 Ne3 19. Rf2 Bf5 20. Be2 Ke7 21. Bd3 c5 22.
Bxf5 Nxf5 23. Nf3 h5 1/2-1/2

[Event "Linares 18th"]
[Site "Linares"]
[Date "2001.02.27"]
[Round "4"]
[White "Grischuk, Alexander"]
[Black "Kasparov, Garry"]
[Result "0-1"]
[WhiteElo "2663"]
[BlackElo "2849"]
[Annotator "Ftacnik,L"]
[PlyCount "74"]
[EventDate "2001.02.23"]
[EventType "tourn"]
[EventRounds "10"]
[EventCountry "ESP"]
[EventCategory "19"]
[SourceTitle "CBM 082"]
[Source "ChessBase"]
[SourceDate "2001.05.17"]
[SourceVersion "1"]
[SourceVersionDate "2001.05.17"]
[SourceQuality "1"]

1. e4 c5 2. Nf3 d6 3. d4 cxd4 4. Nxd4 Nf6 5. Nc3 a6 6. f3 Qb6 7. Nb3 e6 8. Qe2
Qc7 9. g4 b5 10. Be3 b4 $5 (10... Nc6 11. g5 Nd7 12. Qf2 Nce5 13. O-O-O b4 14.
Nb1 Nc4 15. Bxc4 Qxc4 16. N1d2 Qc7 17. Kb1 Bb7 18. Rc1 a5 19. c4 Nc5 20. Nxc5
dxc5 21. h4 a4 {1/2-1/2 Prasad,D-Ruck,R/Istanbul/2000/ (41)}) 11. Na4 Nbd7 12.
Qc4 {Grischuk is indirectly admitting, that he is afraid for the fate of his
knight on a4.} (12. g5 Nxe4 $1 13. fxe4 Qc6 14. a3 Qxa4 15. Qc4 Bb7 $15) 12...
Qxc4 13. Bxc4 d5 14. exd5 (14. Bd3 dxe4 15. Bxe4 Nxe4 16. fxe4 Bb7 $17) 14...
Ne5 15. Be2 (15. Nb6 Nxc4 16. Nxc4 Nxd5 17. Bc5 Bxc5 18. Nxc5 Ra7 $15) 15...
Nxd5 16. Bd4 Bd6 (16... Nc6 17. Bc5 Bxc5 18. Naxc5 h5 19. a3 $13) 17. Bc5 {
Black has yet to grab any advantage, but white is helping with a tad too
cautios play. Much better impression made the natural move 17.Rd1.} (17. Rd1 $5
) (17. O-O-O Nf4 $15) 17... Be7 (17... Bc7 18. a3 bxa3 19. Bxa3 Ne3 20. Nd4 h5
$15) 18. a3 $1 a5 19. Bd4 f6 20. Nac5 (20. O-O bxa3 21. bxa3 Bd7 22. Nac5 Nf4
$1 $15) 20... O-O (20... a4 $6 21. axb4 Nxb4 22. Kd2 $1 Nxc2 23. Kxc2 axb3+ 24.
Nxb3 $14) 21. O-O $6 (21. Bxe5 fxe5 22. axb4 Nxb4 23. Kd1 Nd5 $13) (21. Kf2
bxa3 22. Rxa3 Nc6 23. c3 $15) 21... bxa3 22. Rxa3 (22. bxa3 a4 23. Nc1 Rd8 $17)
22... Nf4 23. Bb5 Rb8 24. Bxe5 (24. Rxa5 Bd8 25. Bxe5 fxe5 26. Rfa1 (26. c4
Bxa5 27. Nxa5 Ne2+ 28. Kg2 Nd4 $17) 26... Bxa5 27. Rxa5 Rd8 $15) 24... Nh3+ $1
{[%mdl 2048] Kasparov is like a fish in a watter in positions with myriad of
possibilities, black pieces are springing to life due to the white's problems
with piece coordination.} 25. Kg2 Rxb5 26. Bg3 (26. Kxh3 fxe5 27. c4 Rxc5 (
27... Rb4 28. Rxa5 e4 29. Nd4 Rxc4 30. Ncxe6 Bxe6 31. Nxe6 Rxf3+ 32. Rxf3 exf3
33. Kg3 $11) 28. Nxc5 Bxc5 29. Rxa5 Bd4 $15) 26... Ng5 27. Bf2 $2 (27. c4 $5
Rxc5 (27... Rb4 28. h4) 28. Nxc5 Bxc5 29. Rxa5 Bb6 30. Rb5 Be3 $13) 27... Bb7
$1 $17 28. Bg1 (28. Nxb7 Bxa3 29. bxa3 Rxb7 30. h4 Nf7 $17) 28... Rc8 29. h4
Bxf3+ {The great swapping operation is leading to the very pleasant rook
ending for black.} (29... Nxf3 30. Rxf3 (30. Nxb7 Nxh4+ 31. Kh3 Bxa3 $19) 30...
Bxc5 31. Bxc5 Rbxc5 32. Nxc5 Rxc5 33. c3 h5 $1 $19) 30. Rxf3 Nxf3 31. Kxf3 Bxc5
32. Nxc5 Rbxc5 33. Bxc5 Rxc5 34. c3 (34. c4 g6 35. b3 e5 $19) 34... h5 $1 35.
gxh5 Rxh5 36. b4 axb4 37. cxb4 Rxh4 (37... Rxh4 38. Ra8+ (38. Rb3 $2 Rh3+ $19)
38... Kf7 39. Rb8 Kg6 40. b5 Kf5 41. b6 Rb4 $19) 0-1

[Event "Linares 18th"]
[Site "Linares"]
[Date "2001.03.01"]
[Round "6"]
[White "Polgar, Judit"]
[Black "Grischuk, Alexander"]
[Result "1/2-1/2"]
[WhiteElo "2676"]
[BlackElo "2663"]
[Annotator "Wedberg,T"]
[PlyCount "107"]
[EventDate "2001.02.23"]
[EventType "tourn"]
[EventRounds "10"]
[EventCountry "ESP"]
[EventCategory "19"]
[SourceTitle "CBM 082"]
[Source "ChessBase"]
[SourceDate "2001.05.17"]
[SourceVersion "1"]
[SourceVersionDate "2001.05.17"]
[SourceQuality "1"]

1. e4 e5 2. Nf3 Nc6 3. Bb5 a6 4. Ba4 Nf6 5. O-O Be7 6. Re1 b5 7. Bb3 d6 8. c3
O-O 9. h3 Na5 10. Bc2 c5 11. d4 Bb7 12. Nbd2 cxd4 13. cxd4 exd4 14. Nxd4 Re8
15. b4 Nc6 16. Nxc6 Bxc6 17. Bb2 Nd7 18. Bb3 (18. Nb3 Bf6 19. Bxf6 Qxf6 20. Nd4
Ne5 21. Nxc6 Nxc6 22. Qd2 Rac8 23. Bb3 Nd4 $10 {Popovic,P-Romanishin,O/Novy
Smokovec/1992/1/4-1/4/27}) 18... Bf6 19. Bxf6 Nxf6 (19... Qxf6 20. Rc1 Rac8 21.
Nf1 Ne5 22. Qd2 Qg6 23. Ng3 Bd7 24. Rxc8 Rxc8 25. Rd1 Rc6 $13 {[%cal Ye5c4] 1/
2-1/2 Qin Kanying-Voiska,M/Jakarta 1993/EXT 97 (51)}) 20. Rc1 Rc8 21. Qf3 Bb7
22. Rxc8 $146 (22. Rcd1 Rc7 23. Re3 Rce7 24. Qg3 Bxe4 25. Nxe4 Nxe4 26. Qf4 Qc7
27. Rd4 $44 {1-0 Lukov,V-Romanishin,O/Tbilisi 1988/TD (58)}) 22... Qxc8 23. Qf4
Qc7 {White has the slightly better P-formation, but Black's pressure against
e4 seems to balance the play.} 24. f3 Qb6+ 25. Qe3 Qxe3+ 26. Rxe3 d5 $1 $132
27. e5 Nh5 28. Bc2 Rc8 (28... f6 $5 29. e6 Nf4 30. e7 Kf7 {looks quite
interesting for Black, but so does the game continuation.}) 29. Bf5 Rc1+ 30.
Kf2 g6 31. Nb3 Rc4 32. Bd3 Rxb4 33. g3 {White has lost a P but the black
pieces are a bit uncoordinated.} Ng7 34. Re2 Bc8 35. Rc2 Bxh3 36. Rc6 Ra4 37.
g4 h5 38. Nc5 Rxa2+ 39. Kg3 hxg4 40. fxg4 Ne6 (40... Ra3 $5 {/\} 41. Kxh3 Ne6)
41. Nxe6 fxe6 42. Bxg6 Kg7 43. Bh5 $1 {White is setting up an attack against
the black K.} Bf1 44. Rxe6 {[%csl Rg7]} b4 45. Rg6+ Kh8 46. Rb6 Bb5 47. g5 Ra1
48. g6 Rg1+ 49. Kf4 b3 50. Rb8+ Kg7 51. Rb7+ Kh8 52. Rb8+ Kg7 53. Rb7+ Kh8 54.
Rb8+ 1/2-1/2